Kvalita, čistota

V roku 2000 sa Liptovská mliekareň stala súčasťou francúzskej, predovšetkým syrárskej korporácie Groupe Bongrain SA. Špecifický signál značky Liptov, ktorý jadro značky zrozumiteľne vyjadril a zároveň značku jednoznačne odlíšil od konkurencie.

Saved in:
Bibliographic Details
Main Author: Batíková, Nataša
Format: Book Chapter
Language:Slovak
Subjects:
Tags: Add Tag
No Tags, Be the first to tag this record!

MARC

LEADER 00000naa a2200000 4500
001 r046262
005 20231003075939.0
041 0 |a slo 
044 |a SK 
245 1 0 |a Kvalita, čistota  |c Nataša Batíková 
520 |a V roku 2000 sa Liptovská mliekareň stala súčasťou francúzskej, predovšetkým syrárskej korporácie Groupe Bongrain SA. Špecifický signál značky Liptov, ktorý jadro značky zrozumiteľne vyjadril a zároveň značku jednoznačne odlíšil od konkurencie. 
610 2 0 |a kampane reklamné 
610 2 0 |a značky výrobkov 
610 2 0 |a potraviny 
610 2 0 |a Slovensko 
610 2 0 |a štúdie prípadové 
100 1 |a Batíková, Nataša